[Event "Wiesbaden op 30th"]
[Site "Wiesbaden"]
[Date "2018.08.26"]
[Round "7"]
[White "Gitsis, Hristos"]
[Black "Kuebart, Thore"]
[Result "1-0"]
[WhiteElo "2013"]
[BlackElo "1863"]
[PlyCount "47"]
[EventDate "2018.08.23"]
[EventType "swiss"]
[EventRounds "7"]
[EventCountry "GER"]
[SourceTitle "CBM 186 Extra"]
[Source "ChessBase"]
[SourceDate "2018.08.24"]
[SourceVersion "1"]
[SourceVersionDate "2018.08.24"]
[SourceQuality "1"]

1. d4 d5 2. c4 c6 3. Nc3 Nf6 4. Nf3 Bf5 5. cxd5 cxd5 6. Qb3 b6 7. Bf4 a6 8. Ne5 e6 9. Rc1 b5 10. a4 Qa5 11. axb5 Bb4 12. bxa6 0-0 13. e3 Nxa6 14. Be2 Bxc3+ 15. bxc3 Rfc8 16. Qb7 Nc7 17. Nc6 Qa3 18. 0-0 Nfe8 19. Qb4 Kh8 20. Ra1 Qxb4 21. cxb4 f6 22. b5 Rab8 23. Nxb8 Rxb8 24. Rfc1 1-0

[Event "Wiesbaden op 30th"]
[Site "Wiesbaden"]
[Date "2018.08.24"]
[Round "3"]
[White "Gitsis, Hristos"]
[Black "Zachary, Matheo"]
[Result "0-1"]
[WhiteElo "2013"]
[BlackElo "2264"]
[PlyCount "62"]
[EventDate "2018.08.23"]
[EventType "swiss"]
[EventRounds "7"]
[EventCountry "GER"]
[SourceTitle "CBM 186 Extra"]
[Source "ChessBase"]
[SourceDate "2018.08.24"]
[SourceVersion "1"]
[SourceVersionDate "2018.08.24"]
[SourceQuality "1"]

1. d4 d5 2. Nf3 Nf6 3. c4 c6 4. Qc2 dxc4 5. Qxc4 Bg4 6. Nc3 Nbd7 7. Bf4 e6 8. Ne5 Bf5 9. Rd1 Be7 10. f3 Nd5 11. Nxd7 Qxd7 12. Bc1 b5 13. Qb3 a5 14. e4 a4 15. Qc2 Bg6 16. Qf2 Nc7 17. Bd3 a3 18. bxa3 Bxa3 19. Bxa3 Rxa3 20. Qb2 Qd6 21. Bb1 0-0 22. 0-0 Rfa8 23. Rd2 f6 24. e5 Qd7 25. Bxg6 hxg6 26. exf6 gxf6 27. Ne4 Kf7 28. Nc5 Qd5 29. Rff2 Ne8 30. Rfe2 Rxa2 31. Qc1 Ra1 0-1

[Event "Anogia op 4th"]
[Site "Anogia"]
[Date "2015.07.15"]
[Round "8"]
[White "Fragaki, Maria"]
[Black "Gitsis, Hristos"]
[Result "1-0"]
[WhiteElo "1919"]
[BlackElo "2050"]
[PlyCount "87"]
[EventDate "2015.07.09"]
[EventType "swiss"]
[EventRounds "9"]
[EventCountry "GRE"]
[SourceTitle "CBM 167 Extra"]
[Source "ChessBase"]
[SourceDate "2015.09.14"]
[SourceVersion "1"]
[SourceVersionDate "2015.09.14"]
[SourceQuality "1"]

1. e4 e5 2. Bc4 Nf6 3. d3 c6 4. Nf3 Be7 5. 0-0 d6 6. Re1 Nbd7 7. Nbd2 b5 8. Bb3 Nc5 9. Nf1 0-0 10. c3 Nxb3 11. axb3 Qc7 12. Ng3 g6 13. d4 Re8 14. Bg5 Bb7 15. Qd2 a6 16. c4 Rad8 17. Qc3 exd4 18. Nxd4 Ng4 19. Bxe7 Qxe7 20. h3 Ne5 21. f4 Nd7 22. Nc2 Qf6 23. Qxf6 Nxf6 24. Nb4 Ra8 25. Rad1 Red8 26. e5 dxe5 27. fxe5 Nd7 28. Ne4 a5 29. Nd6 Nc5 30. Nxb7 Nxb7 31. Nxc6 Rxd1 32. Rxd1 bxc4 33. bxc4 Ra6 34. Nd4 Kf8 35. Kf2 Ke7 36. Ke3 f6 37. Ke4 fxe5 38. Kxe5 Nd6 39. Kd5 Ne8 40. Nc6+ Kf6 41. Kc5 Nc7 42. Rd6+ Kg5 43. Nd4 Ra8 44. Kb6 1-0

[Event "Anogia op 4th"]
[Site "Anogia"]
[Date "2015.07.14"]
[Round "7"]
[White "Gitsis, Hristos"]
[Black "Markatou, Maria Eleni"]
[Result "1-0"]
[WhiteElo "2050"]
[BlackElo "1509"]
[PlyCount "73"]
[EventDate "2015.07.09"]
[EventType "swiss"]
[EventRounds "9"]
[EventCountry "GRE"]
[SourceTitle "CBM 167 Extra"]
[Source "ChessBase"]
[SourceDate "2015.09.14"]
[SourceVersion "1"]
[SourceVersionDate "2015.09.14"]
[SourceQuality "1"]

1. Nf3 Nf6 2. d4 e6 3. c4 Bb4+ 4. Bd2 Qe7 5. g3 Nc6 6. Bg2 0-0 7. 0-0 Bxd2 8. Qxd2 d6 9. Nc3 a5 10. Rac1 e5 11. e3 Bf5 12. Nd5 Nxd5 13. cxd5 Nb4 14. a3 Nd3 15. Rc3 e4 16. Nh4 Bc8 17. Qc2 g5 18. Rxc7 Qe8 19. f3 f5 20. fxe4 fxe4 21. Rxf8+ Kxf8 22. Rxh7 Kg8 23. Qc7 Bd7 24. Qxd7 Qxd7 25. Rxd7 gxh4 26. Bxe4 Nxb2 27. Rxb7 Nc4 28. Bh7+ Kh8 29. e4 Nxa3 30. e5 a4 31. Bd3 Nc2 32. Bxc2 a3 33. Bb3 h3 34. exd6 Kg8 35. Ba2 Kf8 36. Rc7 Ke8 37. d7+ 1-0

[Event "Anogia op 4th"]
[Site "Anogia"]
[Date "2015.07.11"]
[Round "4"]
[White "Ibrahim, Hatim"]
[Black "Gitsis, Hristos"]
[Result "1/2-1/2"]
[WhiteElo "2333"]
[BlackElo "2050"]
[PlyCount "63"]
[EventDate "2015.07.09"]
[EventType "swiss"]
[EventRounds "9"]
[EventCountry "GRE"]
[SourceTitle "CBM 167 Extra"]
[Source "ChessBase"]
[SourceDate "2015.09.14"]
[SourceVersion "1"]
[SourceVersionDate "2015.09.14"]
[SourceQuality "1"]

1. c4 Nf6 2. Nc3 e5 3. Nf3 Nc6 4. d4 exd4 5. Nxd4 Bb4 6. Bg5 h6 7. Bh4 g5 8. Bg3 d6 9. Nxc6 Bxc3+ 10. bxc3 bxc6 11. c5 0-0 12. cxd6 cxd6 13. Qxd6 Ne4 14. Qxd8 Rxd8 15. f3 Nxg3 16. hxg3 Kg7 17. e4 Rb8 18. Kf2 Rb2+ 19. Ke3 Rc2 20. c4 Rc3+ 21. Kf2 Rd2+ 22. Be2 Be6 23. Rhd1 Rb2 24. Rdb1 Rbc2 25. Rb3 Rxc4 26. Ra3 Rb4 27. Ke3 Rbb2 28. Bd3 Rxg2 29. g4 Rxa2 30. Rxa7 Rxa1 31. Rxa1 Rb2 32. Ra6 1/2-1/2

[Event "Anogia op 4th"]
[Site "Anogia"]
[Date "2015.07.10"]
[Round "3"]
[White "Gitsis, Hristos"]
[Black "Serpetsidaki, Eva"]
[Result "1-0"]
[WhiteElo "2050"]
[BlackElo "1695"]
[PlyCount "45"]
[EventDate "2015.07.09"]
[EventType "swiss"]
[EventRounds "9"]
[EventCountry "GRE"]
[SourceTitle "CBM 167 Extra"]
[Source "ChessBase"]
[SourceDate "2015.09.14"]
[SourceVersion "1"]
[SourceVersionDate "2015.09.14"]
[SourceQuality "1"]

1. Nf3 Nf6 2. d4 e6 3. c4 d5 4. g3 Bb4+ 5. Bd2 Be7 6. Bg2 0-0 7. 0-0 c6 8. Qc2 b6 9. cxd5 exd5 10. Nc3 Be6 11. Rac1 Qc8 12. Rfd1 Bf5 13. Qa4 Qa6 14. Qb3 Ne4 15. Bf4 Nd7 16. Nxe4 Bxe4 17. Rxc6 Qxe2 18. Re1 Qa6 19. Rc7 Rad8 20. Bh3 f5 21. Rxe4 fxe4 22. Qxd5+ Kh8 23. Qxe4 1-0

[Event "Lamia ESSKE-ch"]
[Site "Lamia"]
[Date "2011.06.??"]
[Round "?"]
[White "Gitsis, Hristos"]
[Black "Mores, Konstantinos"]
[Result "1-0"]
[WhiteElo "2059"]
[BlackElo "1679"]
[PlyCount "53"]
[EventDate "2011.06.??"]
[EventType "swiss"]
[EventRounds "7"]
[EventCountry "GRE"]
[SourceTitle "EXT 2024"]
[Source "ChessBase"]
[SourceDate "2023.10.10"]
[SourceVersion "1"]
[SourceVersionDate "2023.10.10"]
[SourceQuality "1"]

1. d4 Nf6 2. Nf3 e6 3. c4 c5 4. g3 b6 5. d5 Qc7 6. Nc3 a6 7. Bg2 Bb7 8. 0-0 d6 9. e4 Be7 10. dxe6 fxe6 11. Ng5 Qd7 12. Bh3 h6 13. Nxe6 Qc6 14. Nd5 Nxd5 15. Qh5+ Kd7 16. exd5 Qa4 17. Nxc5+ Kc7 18. Nxa4 Nd7 19. Qf7 Rae8 20. Re1 Rhf8 21. Qxg7 Ne5 22. Rxe5 dxe5 23. Be3 e4 24. Bxb6+ Kd6 25. c5+ Kxd5 26. Rd1+ Kc6 27. Bd7# 1-0

[Event "Athens Smaok op 4th"]
[Site "Athens"]
[Date "2010.02.23"]
[Round "7"]
[White "Gitsis, Hristos"]
[Black "Tassopoulos, Marios"]
[Result "0-1"]
[WhiteElo "2044"]
[BlackElo "2243"]
[PlyCount "64"]
[EventDate "2010.01.12"]
[EventType "swiss"]
[EventRounds "7"]
[EventCountry "GRE"]
[SourceTitle "EXT 2011"]
[Source "ChessBase"]
[SourceDate "2010.11.26"]
[SourceVersion "1"]
[SourceVersionDate "2010.11.26"]
[SourceQuality "1"]

1. d4 Nf6 2. c4 c5 3. d5 b5 4. Nd2 bxc4 5. e4 c3 6. bxc3 d6 7. Ngf3 g6 8. Bd3 Bg7 9. 0-0 0-0 10. Rb1 Bg4 11. h3 Bxf3 12. Qxf3 Nfd7 13. c4 Qa5 14. a3 Ne5 15. Qe2 Nxd3 16. Qxd3 Nd7 17. Rb5 Qa4 18. Bb2 Rfb8 19. Bxg7 Rxb5 20. cxb5 Kxg7 21. f4 a6 22. bxa6 Qxa6 23. Qc3+ Kg8 24. Rf3 Qa5 25. Qc2 Qa4 26. Qc3 Nf6 27. Re3 Qd1+ 28. Kh2 Ra4 29. Nc4 Qf1 30. Nd2 Qxf4+ 31. g3 Qf2+ 32. Kh1 Rd4 0-1

[Event "Athens op"]
[Site "Athens"]
[Date "2008.06.19"]
[Round "6"]
[White "Gitsis, Hristos"]
[Black "Sigalas, Frangiskos"]
[Result "0-1"]
[WhiteElo "2090"]
[BlackElo "2250"]
[PlyCount "72"]
[EventDate "2008.06.14"]
[EventType "swiss"]
[EventRounds "9"]
[EventCountry "GRE"]
[SourceTitle "CBM 125 Extra"]
[Source "ChessBase"]
[SourceDate "2008.09.01"]
[SourceVersion "1"]
[SourceVersionDate "2008.09.01"]
[SourceQuality "1"]

1. d4 Nf6 2. c4 e6 3. g3 d5 4. Bg2 Be7 5. Nf3 0-0 6. 0-0 dxc4 7. Qc2 a6 8. Qxc4 b5 9. Qc2 Bb7 10. Bd2 Ra7 11. Rc1 Be4 12. Qb3 Nc6 13. e3 Qa8 14. Qd1 b4 15. Be1 a5 16. Nbd2 Bd5 17. Nc4 Nb8 18. a4 Nbd7 19. Rc2 Ra6 20. Ncd2 c5 21. Bf1 Ra7 22. Rac1 Rc8 23. Bd3 Rac7 24. Qe2 Ne4 25. Nxe4 Bxe4 26. Nd2 Bxd3 27. Qxd3 Qb7 28. Qe4 Qxe4 29. Nxe4 c4 30. f3 Nb6 31. b3 f5 32. Nf2 cxb3 33. Rxc7 Rxc7 34. Rb1 Nxa4 35. Nd3 Nc3 36. Rxb3 a4 0-1

[Event "Athens op"]
[Site "Athens"]
[Date "2008.06.17"]
[Round "4"]
[White "Antoniou, Dimitrios"]
[Black "Gitsis, Hristos"]
[Result "1/2-1/2"]
[WhiteElo "1927"]
[BlackElo "2090"]
[PlyCount "128"]
[EventDate "2008.06.14"]
[EventType "swiss"]
[EventRounds "9"]
[EventCountry "GRE"]
[SourceTitle "CBM 125 Extra"]
[Source "ChessBase"]
[SourceDate "2008.09.01"]
[SourceVersion "1"]
[SourceVersionDate "2008.09.01"]
[SourceQuality "1"]

1. e4 e5 2. Nf3 Nc6 3. Nc3 Nf6 4. d4 exd4 5. Nxd4 Bb4 6. Nxc6 bxc6 7. Bd3 d5 8. exd5 cxd5 9. 0-0 0-0 10. Bg5 c6 11. Na4 Re8 12. c3 Bd6 13. Qd2 Be6 14. Kh1 Rb8 15. f3 h6 16. Be3 Nh5 17. Qf2 Qf6 18. f4 a5 19. f5 Qe5 20. g4 Bxf5 21. Bxf5 Qxe3 22. gxh5 Qg5 23. Rae1 Qxh5 24. Bg4 Qxg4 25. Qxf7+ Kh7 26. Rxe8 Rxe8 27. Qxe8 Qxa4 28. Qe6 Qc4 29. Qf5+ Kg8 30. b3 Qe2 31. Rf2 Qe3 32. Qf3 Qc1+ 33. Rf1 Qd2 34. Qf2 Qxc3 35. Re1 Qd3 36. Qe3 Qxe3 37. Rxe3 d4 38. Re6 Bb4 39. Rxc6 d3 40. Rc4 Kf7 41. Kg2 Ke6 42. Rd4 d2 43. Kf3 Ke5 44. Rd3 g5 45. h3 h5 46. a3 g4+ 47. Ke2 Bxa3 48. Kxd2 Kf4 49. hxg4 hxg4 50. Ke2 Bc5 51. Kf1 g3 52. Kg2 Bf2 53. Rd5 Be1 54. Rd1 Bb4 55. Rf1+ Ke3 56. Kxg3 Kd2 57. Kf4 Kc2 58. Rf3 Bc3 59. Ke4 Kxb3 60. Rf8 a4 61. Rb8+ Bb4 62. Kd3 a3 63. Ra8 a2 64. Rxa2 Kxa2 1/2-1/2

[Event "Heraclion op 10th"]
[Site "Athens"]
[Date "2006.06.17"]
[Round "8"]
[White "Gitsis, Hristos"]
[Black "Nikolaidis, Paris"]
[Result "1-0"]
[WhiteElo "2084"]
[BlackElo "1889"]
[PlyCount "81"]
[EventDate "2006.06.10"]
[EventType "swiss"]
[EventRounds "9"]
[EventCountry "GRE"]
[SourceTitle "CBM 112 Extra"]
[Source "ChessBase"]
[SourceDate "2006.07.14"]
[SourceVersion "1"]
[SourceVersionDate "2006.07.14"]
[SourceQuality "1"]

1. d4 f5 2. Bg5 Nf6 3. Bxf6 exf6 4. e3 d5 5. c4 c6 6. Nc3 Be6 7. cxd5 cxd5 8. Bd3 Bb4 9. Qb3 Qe7 10. Nge2 Nc6 11. 0-0 Bxc3 12. bxc3 Qd7 13. Rab1 b6 14. Nf4 0-0 15. Nxe6 Qxe6 16. c4 Na5 17. cxd5 Qd7 18. Qb5 Qxb5 19. Rxb5 g6 20. Rc1 Rac8 21. Rbb1 Kf7 22. Ba6 Rxc1+ 23. Rxc1 Re8 24. Rc7+ Kg8 25. d6 Rd8 26. d7 Kf8 27. Bb5 Ke7 28. Rxa7 Kd6 29. Kf1 h5 30. Ke2 g5 31. Kd3 h4 32. f3 Rb8 33. a4 Nc6 34. Bxc6 Kxc6 35. e4 f4 36. Kc4 Kd6 37. h3 Kc6 38. d5+ Kd6 39. Kb5 f5 40. exf5 Kxd5 41. Rc7 1-0

[Event "Heraclion op 10th"]
[Site "Athens"]
[Date "2006.06.13"]
[Round "4"]
[White "Gitsis, Hristos"]
[Black "Delithanasis, Dimitrios"]
[Result "0-1"]
[WhiteElo "2084"]
[BlackElo "2272"]
[PlyCount "130"]
[EventDate "2006.06.10"]
[EventType "swiss"]
[EventRounds "9"]
[EventCountry "GRE"]
[SourceTitle "CBM 112 Extra"]
[Source "ChessBase"]
[SourceDate "2006.07.14"]
[SourceVersion "1"]
[SourceVersionDate "2006.07.14"]
[SourceQuality "1"]

1. d4 d6 2. e4 g6 3. Nf3 Nf6 4. Nc3 Bg7 5. Bc4 0-0 6. 0-0 Nxe4 7. Nxe4 d5 8. Bd3 dxe4 9. Bxe4 Nd7 10. Re1 c5 11. c3 cxd4 12. cxd4 Nf6 13. Bc2 b6 14. Bf4 Bb7 15. Be5 Bh6 16. Qe2 Nd5 17. Rad1 e6 18. Nd2 Nf4 19. Bxf4 Bxf4 20. Be4 Bxd2 21. Rxd2 Bxe4 22. Qxe4 Qd6 23. h4 Rfd8 24. Rc1 Qd5 25. Qxd5 Rxd5 26. f4 Rad8 27. Rc7 a5 28. Rb7 Rxd4 29. Rxd4 Rxd4 30. Rxb6 Rxf4 31. g3 Rb4 32. Ra6 Rxb2 33. Rxa5 h5 34. a4 Ra2 35. Ra7 Kg7 36. a5 Kf6 37. a6 e5 38. Kf1 Ke6 39. Ra8 f6 40. a7 Kf5 41. Ke1 e4 42. Kf1 e3 43. Ke1 Kg4 44. Rg8 Rxa7 45. Rxg6+ Kf3 46. Rxf6+ Kxg3 47. Ke2 Re7 48. Rg6+ Kxh4 49. Rg8 Kh3 50. Rg6 h4 51. Rg8 Kh2 52. Rg6 h3 53. Rg8 Kh1 54. Rh8 h2 55. Rg8 Rf7 56. Kxe3 Rf1 57. Rg7 Rg1 58. Rf7 Kg2 59. Rg7+ Kf1 60. Rf7+ Ke1 61. Rb7 Rg3+ 62. Kf4 Rf3+ 63. Kg4 Rf1 64. Rb1+ Kf2 65. Rb2+ Kg1 0-1

[Event "Ambelokipi op 66th"]
[Site "Athens"]
[Date "2005.12.26"]
[Round "3"]
[White "Ntatsis, Georgios"]
[Black "Gitsis, Hristos"]
[Result "0-1"]
[WhiteElo "2009"]
[BlackElo "2076"]
[PlyCount "86"]
[EventDate "2005.09.18"]
[EventType "swiss"]
[EventRounds "5"]
[EventCountry "GRE"]
[SourceTitle "EXT 2007"]
[Source "ChessBase"]
[SourceDate "2006.11.23"]
[SourceVersion "1"]
[SourceVersionDate "2006.11.23"]
[SourceQuality "1"]

1. e4 e5 2. Nf3 Nc6 3. Bb5 a6 4. Ba4 Nf6 5. 0-0 Be7 6. Re1 b5 7. Bb3 d6 8. h3 Na5 9. d4 exd4 10. Nxd4 c5 11. Bxf7+ Kxf7 12. Nf3 Rf8 13. Bg5 Bb7 14. Nc3 Kg8 15. Qe2 b4 16. Bxf6 Bxf6 17. Nd5 Bxd5 18. exd5 Qd7 19. Rab1 Rfe8 20. Qf1 Qb5 21. Rxe8+ Rxe8 22. Qxb5 axb5 23. Kf1 Nc4 24. c3 Ra8 25. cxb4 cxb4 26. b3 Nb6 27. g3 Rxa2 28. Rc1 Nxd5 29. Rc6 Ra1+ 30. Kg2 Rd1 31. g4 Nc3 32. g5 Be5 33. g6 hxg6 34. Ng5 Kf8 35. f4 Bf6 36. Rc8+ Ke7 37. Rc7+ Ke8 38. Ne6 Re1 39. Ng5 Bxg5 40. fxg5 Re7 41. Rc6 Kd7 42. Ra6 d5 43. Rxg6 d4 0-1

[Event "GRE-ch U20"]
[Site "Chania"]
[Date "2003.04.23"]
[Round "6"]
[White "Agrapidis, Theodoros"]
[Black "Gitsis, Hristos"]
[Result "1-0"]
[WhiteElo "1850"]
[BlackElo "1805"]
[PlyCount "53"]
[EventDate "2003.04.??"]
[EventType "swiss"]
[EventRounds "7"]
[EventCountry "GRE"]
[SourceTitle "EXT 2005"]
[Source "ChessBase"]
[SourceDate "2004.11.15"]
[SourceVersion "1"]
[SourceVersionDate "2004.11.15"]
[SourceQuality "1"]

1. e4 e5 2. d4 exd4 3. Qxd4 Nc6 4. Qe3 Nf6 5. Nc3 Bb4 6. Bd2 d6 7. 0-0-0 0-0 8. Qg3 Ng4 9. f3 Nge5 10. f4 Ng6 11. f5 Nge5 12. Bh6 g6 13. Nd5 Bc5 14. Nf3 f6 15. Bxf8 Kxf8 16. Nxe5 Nxe5 17. Qh4 Kg7 18. g4 c6 19. Nc3 a5 20. Qg3 a4 21. g5 b5 22. h4 b4 23. Nb1 b3 24. a3 bxc2 25. Kxc2 Rb8 26. Qc3 Rb3 27. Qxc5 1-0